[Event "45th Sparkassen Open"]
[Site "Dortmund GER"]
[Date "2017.07.18"]
[Round "4.30"]
[White "Maniocha, Marek"]
[Black "Wastian, Jan"]
[Result "1/2-1/2"]
[WhiteElo "1996"]
[BlackElo "1878"]
[WhiteFideId "4636821"]
[BlackFideId "12911640"]
[EventDate "2017.07.15"]

1. d4 d5 2. c4 c6 3. e3 Nf6 4. Nc3 e6 5. Nf3 Nbd7 6. Bd3 dxc4 7. Bxc4 b5 8. Bd3
Bb7 9. O-O a6 10. b3 c5 11. Bb2 Be7 12. Qe2 O-O 13. Rfd1 Qb6 14. a4 b4 15. a5
Qc7 16. Na4 Qxa5 17. Nxc5 Qb6 18. Nxb7 Qxb7 19. Bxa6 Qb6 20. Bc4 Nd5 21. Qd3
N7f6 22. Ng5 h6 23. Ne4 Ra7 24. Nxf6+ Bxf6 25. e4 Nc7 26. Rxa7 Qxa7 27. Qd2 Qb7
28. d5 Bxb2 29. Qxb2 exd5 30. exd5 Rd8 31. Qe5 Nb5 32. d6 Nc3 33. Rd2 Qd7 34. h3
Re8 35. Qf4 Re4 36. Qf3 Re8 37. Rd4 Nb5 38. Rd1 Rd8 39. Bxb5 Qxb5 40. Qf4 Rd7
41. Rd4 Qb6 42. g3 Qc6 43. h4 Ra7 44. Kh2 Rd7 45. h5 Qc5 46. g4 Qc6 47. Qd2 Qb6
48. f3 Kf8 49. Kg3 Qc5 50. Qf4 f6 51. Rd1 Qb5 52. Qd4 Qe2 53. f4 Qc2 54. Rd3 Qb1
55. Kf3 Qh1+ 56. Kg3 Qe1+ 57. Qf2 Qc1 58. Qd2 Qg1+ 59. Kf3 f5 60. gxf5 Qh1+ 61.
Ke3 Qh3+ 62. Ke4 Qxh5 63. Qxb4 Qe8+ 64. Kd4 Qd8 65. Kc3 Qf6+ 66. Qd4 Qxf5 67. b4
h5 68. Qc5 Qe6 69. Qc8+ Kf7 70. Qc4 g6 71. b5 Kf6 72. b6 Rxd6 73. Rxd6 Qxd6 74.
Qd4+ Ke7 75. Kc4 Qxd4+ 76. Kxd4 Kd6 77. Ke4 Kc6 78. f5 1/2-1/2

[Event "45th Sparkassen Open"]
[Site "Dortmund GER"]
[Date "2017.07.18"]
[Round "4.31"]
[White "Boecker, Juergen"]
[Black "Garbuz, Vitaliy"]
[Result "1/2-1/2"]
[WhiteElo "1930"]
[BlackElo "1989"]
[WhiteFideId "12915904"]
[BlackFideId "12990710"]
[EventDate "2017.07.15"]

1. e4 c5 2. Nc3 a6 3. g3 b5 4. Bg2 Bb7 5. Nh3 e6 6. O-O b4 7. Ne2 d5 8. d3 Nc6
9. a3 bxa3 10. bxa3 Nf6 11. exd5 exd5 12. c4 Be7 13. Nef4 Nd4 14. Rb1 Bc6 15.
Re1 dxc4 16. Bxc6+ Nxc6 17. Qa4 Qc7 18. dxc4 O-O 19. Bb2 Nd4 20. Bxd4 cxd4 21.
Nd5 Nxd5 22. cxd5 Bf6 23. Rbc1 Qd6 24. Nf4 h6 25. Rc6 Qd7 26. Qc4 Rfe8 27. Rxe8+
Rxe8 28. Kg2 Qf5 29. Qd3 Re4 30. Qc2 d3 31. Rc8+ Kh7 32. Nxd3 Rd4 1/2-1/2

[Event "45th Sparkassen Open"]
[Site "Dortmund GER"]
[Date "2017.07.18"]
[Round "4.32"]
[White "Schmitz, Edgar"]
[Black "Oezen, Alf"]
[Result "1/2-1/2"]
[WhiteElo "1909"]
[BlackElo "1981"]
[WhiteFideId "24675270"]
[BlackFideId "12985430"]
[EventDate "2017.07.15"]

1. e4 c6 2. d4 d5 3. f3 dxe4 4. fxe4 e5 5. Nf3 Bg4 6. c3 Nd7 7. Bd3 Bd6 8. O-O
Ngf6 9. Nbd2 b5 10. a4 a6 11. Qe1 O-O 12. Qh4 Qb6 13. Kh1 Bh5 14. Bc2 c5 15.
Nxe5 Bxe5 16. dxe5 Nxe5 17. Nf3 Bxf3 18. gxf3 c4 19. Bg5 Ng6 20. Qg3 Rae8 21.
Rad1 bxa4 22. Bxa4 Re6 23. Rd2 1/2-1/2

[Event "45th Sparkassen Open"]
[Site "Dortmund GER"]
[Date "2017.07.18"]
[Round "4.33"]
[White "Stevens, Titus"]
[Black "Hartung, Thomas2"]
[Result "1/2-1/2"]
[WhiteElo "1841"]
[BlackElo "1979"]
[WhiteFideId "16214331"]
[BlackFideId "4639146"]
[EventDate "2017.07.15"]

1. d4 Nf6 2. c4 c5 3. d5 b5 4. cxb5 a6 5. e3 axb5 6. Bxb5 Ba6 7. Nc3 Bxb5 8.
Nxb5 Qa5+ 9. Nc3 g6 10. Ne2 d6 11. O-O Bg7 12. e4 O-O 13. Qc2 Nbd7 14. a4 Rfb8
15. Bd2 Qb4 16. Rfb1 Ne5 17. f3 Nc4 18. Be1 Qb3 19. Qxb3 Rxb3 20. Ra2 Nd7 21.
Nc1 Rb7 22. b3 Bd4+ 23. Kh1 Na5 24. Nb5 Be3 25. Ne2 Ne5 1/2-1/2

[Event "45th Sparkassen Open"]
[Site "Dortmund GER"]
[Date "2017.07.18"]
[Round "4.34"]
[White "Mittelbachert, Ulrich"]
[Black "Bork, Sophie"]
[Result "1/2-1/2"]
[WhiteElo "1978"]
[BlackElo "1858"]
[WhiteFideId "4634470"]
[BlackFideId "12905429"]
[EventDate "2017.07.15"]

1. Nf3 d5 2. b4 Nf6 3. Bb2 e6 4. b5 a6 5. a4 axb5 6. axb5 Rxa1 7. Bxa1 Bc5 8. e3
Nbd7 9. c4 Nb6 10. cxd5 Nbxd5 11. Be2 Bd7 12. Nc3 O-O 13. O-O Qe7 14. Qb3 1/2-1/2

[Event "45th Sparkassen Open"]
[Site "Dortmund GER"]
[Date "2017.07.18"]
[Round "4.35"]
[White "Ciornei, Dragos"]
[Black "Osipiak, Grzegorz"]
[Result "0-1"]
[WhiteElo "2118"]
[BlackElo "2338"]
[WhiteFideId "4619200"]
[BlackFideId "1109154"]
[EventDate "2017.07.15"]

1. e4 c5 2. Nf3 d6 3. d4 cxd4 4. Nxd4 Nf6 5. Nc3 a6 6. a3 e6 7. f4 Be7 8. Be3
Qa5 9. Bd3 h5 10. h3 b5 11. O-O Bb7 12. Qe1 Nbd7 13. Bf2 Qc7 14. Nf3 Nc5 15. Qe2
d5 16. e5 Nfe4 17. Bxe4 Nxe4 18. Nxe4 dxe4 19. Nd4 Rd8 20. c3 Bd5 21. Rfe1 g5
22. Bg3 f6 23. f5 Bc5 24. fxe6 f5 25. Kh1 f4 26. Bf2 e3 27. Bxe3 fxe3 28. Qxe3
Bxd4 29. cxd4 h4 30. Qxg5 Qh7 31. Re2 Rg8 32. Qf6 Rg6 33. e7 Rxf6 34. exd8=Q+
Kxd8 35. exf6 Qf7 36. Kg1 Qxf6 37. Rd1 Qf4 38. Rdd2 Bc4 39. Rf2 Qe3 40. d5 Kd7
41. d6 a5 42. Kh1 b4 43. axb4 axb4 44. Kh2 b3 45. Kh1 Bd3 46. Kh2 Kxd6 47. Kh1
Kc5 48. Kh2 Kd4 49. Kg1 Qe1+ 50. Kh2 Ke3 0-1

[Event "45th Sparkassen Open"]
[Site "Dortmund GER"]
[Date "2017.07.18"]
[Round "4.36"]
[White "Kartsev, Nikolaj"]
[Black "Dyballa, Gerhard"]
[Result "1-0"]
[WhiteElo "1827"]
[BlackElo "1957"]
[WhiteFideId "12939536"]
[BlackFideId "4645189"]
[EventDate "2017.07.15"]

1. e4 e6 2. d4 d5 3. e5 c5 4. c3 Qb6 5. Nf3 Nc6 6. a3 c4 7. g3 Na5 8. Nbd2 Bd7
9. h4 h6 10. h5 Ne7 11. Nh4 O-O-O 12. Bh3 g5 13. hxg6 Nxg6 14. Nxg6 fxg6 15. Qf3
g5 16. Qf7 Re8 17. Bg4 Re7 18. Qf6 Reh7 19. Rb1 Be7 20. Qg6 h5 21. Rxh5 Rxh5 22.
Bxh5 Be8 23. Qg7 Rxh5 24. Qxe7 Rh1+ 25. Nf1 Bg6 26. Bxg5 Rh7 27. Qf8+ Kd7 28.
Bd8 Qc6 29. Bxa5 b6 30. Rc1 bxa5 31. Qb8 a6 32. Ne3 Re7 33. Ng4 Qc8 34. Nf6+ Kd8
35. Qd6+ 1-0

[Event "45th Sparkassen Open"]
[Site "Dortmund GER"]
[Date "2017.07.18"]
[Round "4.37"]
[White "Nguyen, Lucas"]
[Black "Jacobi, Niklas"]
[Result "0-1"]
[WhiteElo "1934"]
[BlackElo "1933"]
[WhiteFideId "1049640"]
[BlackFideId "16244079"]
[EventDate "2017.07.15"]

1. e4 e5 2. Nf3 Nc6 3. d4 exd4 4. Nxd4 Bc5 5. Nb3 Bb6 6. Nc3 Nge7 7. Qe2 O-O 8.
Be3 Bxe3 9. Qxe3 d6 10. O-O-O Bd7 11. f3 a6 12. g4 b5 13. Kb1 b4 14. Nd5 Nxd5
15. exd5 Re8 16. Qd2 Ne5 17. Nd4 a5 18. Be2 Qb8 19. Rdg1 a4 20. f4 Ng6 21. Rg3
Qb7 22. h4 Ne7 23. Bf3 Ra5 24. Re1 Nxd5 25. Rxe8+ Bxe8 26. Nf5 Bc6 27. Qd4 f6
28. Bxd5+ Bxd5 29. Re3 Be6 30. Re4 Bxf5 31. gxf5 Rd5 32. Qc4 Kf8 33. Re1 c5 34.
Qe2 Qd7 35. Qh5 h6 36. Qg6 Rxf5 37. Qh7 Rxf4 38. Rg1 Rg4 39. Re1 Qe6 40. Qh8+
Kf7 41. Rc1 a3 42. Qa8 axb2 43. Kxb2 Qe5+ 44. Kb1 Rxh4 45. Rg1 g5 0-1

[Event "45th Sparkassen Open"]
[Site "Dortmund GER"]
[Date "2017.07.18"]
[Round "4.38"]
[White "Biermann, Florian"]
[Black "Seref, Erdogan"]
[Result "0-1"]
[WhiteElo "1939"]
[BlackElo "1835"]
[WhiteFideId "12970069"]
[BlackFideId "16206827"]
[EventDate "2017.07.15"]

1. c4 e6 2. g3 d5 3. Bg2 Nf6 4. Nf3 dxc4 5. O-O a6 6. Qc2 b5 7. Ne1 Nd5 8. d3
cxd3 9. Nxd3 Nd7 10. e4 N5b6 11. Rd1 c5 12. Bf4 Bb7 13. a4 Be7 14. a5 Nc4 15. b3
Nxa5 16. Ne5 Bc8 17. Nc3 Qb6 18. Nd5 exd5 19. exd5 Bf6 20. Nc6 Bxa1 21. Rxa1
Nxc6 22. dxc6 Nf6 23. c7 Bb7 24. Re1+ Kf8 25. Bxb7 Qxb7 26. Qe2 Kg8 27. Rd1 h6
28. Rd8+ Kh7 29. Qd3+ Qe4 30. Rxh8+ Rxh8 31. Qd6 Qe8 0-1

[Event "45th Sparkassen Open"]
[Site "Dortmund GER"]
[Date "2017.07.18"]
[Round "4.39"]
[White "Elefteriadis, Paul-Gabriel"]
[Black "Seref, Serkan"]
[Result "0-1"]
[WhiteElo "1891"]
[BlackElo "1910"]
[WhiteFideId "24626236"]
[BlackFideId "16205561"]
[EventDate "2017.07.15"]

1. d4 Nf6 2. c4 e6 3. g3 Bb4+ 4. Bd2 Be7 5. Bg2 d5 6. Nf3 O-O 7. O-O c5 8. cxd5
exd5 9. Nc3 Nc6 10. dxc5 Bxc5 11. Rc1 Bb6 12. Bg5 Be6 13. Qa4 h6 14. Bf4 Qe7 15.
Qb5 Rfd8 16. Na4 Bd4 17. Nxd4 Nxd4 18. Qd3 Qb4 19. Nc3 Bf5 20. Qd2 Ne6 21. a3
Qb6 22. Be5 Ne4 23. Nxe4 dxe4 24. Qc3 Rac8 25. Qxc8 Rxc8 26. Rxc8+ Kh7 27. e3
Ng5 28. Bd4 Qg6 29. Rc4 Qh5 30. Rfc1 Nf3+ 31. Bxf3 exf3 32. Kf1 Bd3+ 33. Ke1
Bxc4 34. Rxc4 Qxh2 35. e4 Qg1+ 36. Kd2 Qf1 37. Kc3 Qe1+ 38. Kd3 Qe2+ 39. Kc3 b5
40. Rc7 a5 41. Rxf7 Qc4+ 0-1

[Event "45th Sparkassen Open"]
[Site "Dortmund GER"]
[Date "2017.07.19"]
[Round "5.2"]
[White "Guelsen, Taylan"]
[Black "Nalbandian, Tigran"]
[Result "1/2-1/2"]
[BlackTitle "GM"]
[WhiteElo "2095"]
[BlackElo "2458"]
[WhiteFideId "24603635"]
[BlackFideId "13300245"]
[EventDate "2017.07.15"]

1. d4 Nf6 2. Bf4 g6 3. Nc3 Bg7 4. e4 d6 5. Qd2 Nc6 6. Nf3 Bg4 7. Be2 Bxf3 8.
Bxf3 e5 9. dxe5 dxe5 10. Bg5 Qxd2+ 11. Bxd2 Nd4 12. Bd1 O-O-O 13. f3 Rd7 14. Ne2
Ne6 15. Be3 Rhd8 16. c3 Rd3 17. Kf2 Bf8 18. b4 c5 19. a3 c4 20. g3 Rxe3 21. Kxe3
Rd3+ 22. Kf2 Ng5 23. Nc1 Rxc3 24. h4 Ne6 25. Ne2 Rd3 26. Rc1 b5 27. Rc3 Rd2 28.
Rc2 Rd7 29. Nc3 a6 30. Be2 Nd4 31. Rb2 Be7 32. Rd1 Bd8 33. Bf1 Bb6 34. Bh3 Nf5+
35. Ke1 Bd4 36. Rc1 Nxg3 37. Bxd7+ Kxd7 38. Rg2 Ngh5 39. Ne2 Bb2 40. Rd1+ Kc6
41. Rb1 Bxa3 42. Kd2 Nd7 43. Kc3 Nb6 44. Rgg1 Ng7 45. f4 Na4+ 46. Kc2 a5 47.
bxa5 Ne6 48. fxe5 b4 49. Rgf1 Nac5 50. Rg1 Kb5 51. Nc3+ Kxa5 52. Rgf1 Nd4+ 53.
Kd1 Kb6 54. Nd5+ Kb5 55. Nc7+ Kc6 56. e6 Ndxe6 57. Nxe6 Nxe6 58. Rxf7 Kd6 59.
Rxh7 Ke5 60. Re7 g5 61. Ke2 c3 62. Kd3 Kd6 63. Ra7 Nc5+ 64. Ke2 Nxe4 1/2-1/2

[Event "45th Sparkassen Open"]
[Site "Dortmund GER"]
[Date "2017.07.19"]
[Round "5.3"]
[White "Heider, Martin"]
[Black "Kashlinskaya, Alina"]
[Result "1/2-1/2"]
[BlackTitle "IM"]
[WhiteElo "2356"]
[BlackElo "2438"]
[WhiteFideId "24668389"]
[BlackFideId "4198026"]
[EventDate "2017.07.15"]

1. Nf3 d5 2. b3 Bg4 3. Bb2 Bxf3 4. exf3 Nd7 5. f4 e6 6. Qe2 Ngf6 7. g3 g6 8. Bg2
c6 9. O-O Bg7 10. d3 O-O 11. Nd2 Ne8 12. d4 Nd6 13. Nf3 c5 14. Ne5 cxd4 15. Bxd4
Nf5 16. Bb2 Rc8 17. Rfd1 Qc7 18. Nxd7 Bxb2 19. Nxf8 Bxa1 20. Nxe6 Qxc2 21. Qxc2
Rxc2 22. Bxd5 Bf6 23. Ng5 Kg7 24. Bxb7 Bd4 25. Ne4 Rxa2 26. Rd2 Rxd2 27. Nxd2
Bc3 28. Ne4 Bb4 29. Bd5 h6 30. Kg2 Nd6 31. Nxd6 Bxd6 32. Kf3 f6 33. h4 Bc5 34.
Bc6 Bb6 35. Be8 Bc5 36. Bd7 Bb6 37. Bg4 Bc5 38. h5 gxh5 39. Bxh5 Bb6 40. Ke2 Bc5
41. Be8 Kf8 42. Bb5 Bb6 43. Ke1 Ba5+ 44. Ke2 Bb6 45. Bc6 Bc5 46. Bg2 Bb6 47. Bf1
Bc5 48. Ke1 1/2-1/2

[Event "45th Sparkassen Open"]
[Site "Dortmund GER"]
[Date "2017.07.19"]
[Round "5.4"]
[White "Henrichs, Thomas"]
[Black "Wagner, Alexej"]
[Result "1-0"]
[WhiteTitle "IM"]
[WhiteElo "2491"]
[BlackElo "2277"]
[WhiteFideId "4626605"]
[BlackFideId "4129555"]
[EventDate "2017.07.15"]

1. Nf3 d5 2. e3 Nf6 3. c4 e6 4. b3 Bd6 5. Bb2 Nbd7 6. Nc3 O-O 7. Qc2 c6 8. Rg1
e5 9. cxd5 cxd5 10. g4 d4 11. Nb5 Bb8 12. Rc1 a6 13. Nc7 d3 14. Qc3 Bxc7 15.
Qxc7 Qxc7 16. Rxc7 Nd5 17. Rc1 e4 18. Ng5 N7f6 19. f3 exf3 20. Bxd3 h6 21. Nxf3
Bxg4 22. Nd4 Kh8 23. Nf5 Nb4 24. Bb1 Bxf5 25. Bxf5 Nxa2 26. Rc4 1-0

[Event "45th Sparkassen Open"]
[Site "Dortmund GER"]
[Date "2017.07.19"]
[Round "5.5"]
[White "Jugelt, Tobias"]
[Black "Lehmann, Holger"]
[Result "1-0"]
[WhiteTitle "IM"]
[WhiteElo "2431"]
[BlackElo "2188"]
[WhiteFideId "4626150"]
[BlackFideId "4620275"]
[EventDate "2017.07.15"]

1. d4 d5 2. c4 c6 3. Nf3 e6 4. Qc2 Nf6 5. g3 Be7 6. Bg2 O-O 7. O-O b6 8. b3 Bb7
9. Bb2 Nbd7 10. Nbd2 Rc8 11. e4 Qc7 12. Rac1 Qb8 13. Qb1 Qa8 14. e5 Ne8 15. cxd5
cxd5 16. Rxc8 Qxc8 17. h4 Qd8 18. Rc1 Nc7 19. Nf1 Qb8 20. Ng5 Bxg5 21. hxg5 Rc8
22. Ne3 Ba6 23. f4 Ne8 24. f5 Rxc1+ 25. Qxc1 Qd8 26. f6 Qc7 27. Qd2 gxf6 28.
gxf6 Ndxf6 29. Qb4 h5 30. exf6 Qxg3 31. Qc3 h4 32. Nf1 Qg5 33. Qe3 Qxf6 34. Bc1
Ng7 35. Qf4 Nf5 36. Be3 Qg7 37. Kf2 Bd3 38. Bh3 Ne7 39. Qxh4 Ng6 40. Qd8+ Kh7
41. Ng3 f5 42. Nh5 Qe7 43. Qxe7+ Nxe7 44. Nf4 1-0

[Event "45th Sparkassen Open"]
[Site "Dortmund GER"]
[Date "2017.07.19"]
[Round "5.6"]
[White "Wilke, Werner"]
[Black "Podzielny, Karl-Heinz"]
[Result "0-1"]
[BlackTitle "IM"]
[WhiteElo "2225"]
[BlackElo "2395"]
[WhiteFideId "1600826"]
[BlackFideId "4600215"]
[EventDate "2017.07.15"]

1. e4 c5 2. Nf3 e6 3. g3 d5 4. exd5 exd5 5. d4 Nf6 6. Bg2 Be7 7. O-O O-O 8. Be3
Nc6 9. dxc5 Ng4 10. Bf4 Bxc5 11. Nc3 Nf6 12. Ne5 Re8 13. Nxc6 bxc6 14. Qd2 Bf5
15. Rfe1 Qd7 16. Na4 Bf8 17. b4 Ne4 18. Qd4 g5 19. Be5 Rxe5 20. Qxe5 Bg7 21.
Rxe4 dxe4 0-1

[Event "45th Sparkassen Open"]
[Site "Dortmund GER"]
[Date "2017.07.19"]
[Round "5.8"]
[White "Osipiak, Grzegorz"]
[Black "Melde, Benjamin"]
[Result "1-0"]
[WhiteElo "2338"]
[BlackElo "1912"]
[WhiteFideId "1109154"]
[BlackFideId "12958816"]
[EventDate "2017.07.15"]

1. c4 g6 2. Nc3 Bg7 3. g3 d6 4. Bg2 e5 5. b3 f5 6. Bb2 Nf6 7. e3 O-O 8. Nge2 c6
9. d4 Be6 10. Qd2 Qc7 11. Rd1 Bf7 12. O-O Nbd7 13. Ba3 Rfe8 14. dxe5 dxe5 15.
Bd6 Qc8 16. Na4 Re6 17. Ba3 Bf8 18. Bb2 Qc7 19. e4 fxe4 20. Bh3 Rd6 21. Qg5 h6
22. Qe3 Rd8 23. Nec3 Rd4 24. Rxd4 exd4 25. Qxd4 Ne5 26. Qe3 Rd3 27. Qe2 Rd2 28.
Qe3 Rd3 29. Qc1 Qd6 30. Kh1 g5 31. Bf5 Bg6 32. Bxg6 Nxg6 33. Re1 Qd7 34. Re2 b5
35. cxb5 cxb5 36. Qc2 bxa4 37. Nxa4 Kf7 38. Bxf6 Kxf6 39. Rxe4 Qd5 40. Nc3 Qd7
41. Rc4 Kg7 42. Ne4 Qd5 43. Qb2+ Ne5 44. f4 Bd6 45. fxg5 hxg5 46. Qe2 Bc5 47.
Rxc5 Rd1+ 48. Kg2 Rd2 49. Rxd5 Rxe2+ 1-0

[Event "45th Sparkassen Open"]
[Site "Dortmund GER"]
[Date "2017.07.19"]
[Round "5.9"]
[White "Boehm, Juergen2"]
[Black "Holtel, Jasper"]
[Result "0-1"]
[BlackTitle "FM"]
[WhiteElo "2217"]
[BlackElo "2229"]
[WhiteFideId "4606434"]
[BlackFideId "12956376"]
[EventDate "2017.07.15"]

1. d4 Nf6 2. Bg5 d5 3. Bxf6 gxf6 4. c4 dxc4 5. e3 c5 6. Bxc4 cxd4 7. Nc3 Bg7 8.
Qh5 e6 9. O-O-O f5 10. exd4 Qf6 11. f4 O-O 12. Nge2 a6 13. Qf3 Ra7 14. Ng3 b5
15. Nh5 Qg6 16. Nxg7 Qxg7 17. Bb3 b4 18. Ne2 a5 19. h3 Bb7 20. Qf2 a4 21. Bc2
Re8 22. Kd2 Nd7 23. Rhg1 Kf8 24. g4 fxg4 25. Rxg4 Qf6 26. Bxh7 Ke7 27. Ke1 Ra5
28. Bb1 Rh5 29. Qe3 Reh8 30. Qd2 Rb5 31. Bd3 Rb6 32. Qe3 Bd5 33. Bb1 Qh6 34. Rg3
Rbb8 35. Rc1 Rbg8 36. Rxg8 Rxg8 37. Qd2 Qxh3 38. Qxb4+ Kf6 39. Qd6 Qe3 40. Kf1
Bg2+ 0-1

[Event "45th Sparkassen Open"]
[Site "Dortmund GER"]
[Date "2017.07.19"]
[Round "5.10"]
[White "Heller, Achim"]
[Black "Bomans, Arno"]
[Result "0-1"]
[BlackTitle "FM"]
[WhiteElo "2118"]
[BlackElo "2250"]
[WhiteFideId "12901300"]
[BlackFideId "206024"]
[EventDate "2017.07.15"]

1. d4 f5 2. Nf3 Nf6 3. c4 g6 4. g3 Bg7 5. Bg2 O-O 6. O-O d6 7. Nc3 Nc6 8. d5 Ne5
9. Nxe5 dxe5 10. Qb3 h6 11. e4 a6 12. c5 Kh8 13. Rd1 Rb8 14. c6 b6 15. h3 Qe8
16. Re1 f4 17. gxf4 Nh5 18. fxe5 Qf7 19. Rf1 Bxe5 20. Ne2 g5 21. Bd2 Kg8 22. Bc3
Bd6 23. Bd4 Nf4 24. Rae1 e5 25. dxe6 Bxe6 26. Qc3 a5 27. Nxf4 Qxf4 28. e5 Bb4
29. Qc2 Qf7 30. Re3 Rbd8 31. Rf3 Bf5 32. Rxf5 Qxf5 33. Qc4+ Qf7 34. e6 Qe7 35.
Bd5 Rf5 36. Be4 Rf4 37. Bh7+ Kf8 38. Rd1 Bc5 39. Bg7+ Kxg7 40. Qc3+ Kxh7 41. Rd7
Rxd7 42. cxd7 Qd6 43. Qc2+ Kg7 44. Qc3+ Bd4 45. Qa3 Qxa3 0-1

[Event "45th Sparkassen Open"]
[Site "Dortmund GER"]
[Date "2017.07.19"]
[Round "5.11"]
[White "Koellner, Ruben Gideon"]
[Black "Wiebe, Patrick"]
[Result "1-0"]
[WhiteElo "2078"]
[BlackElo "2229"]
[WhiteFideId "12993093"]
[BlackFideId "4684079"]
[EventDate "2017.07.15"]

1. d4 f5 2. Bg5 g6 3. e3 Bg7 4. Nc3 Nf6 5. h4 d5 6. Nf3 Be6 7. Ne5 Nbd7 8. Bf4
c6 9. Be2 Ne4 10. Nxd7 Bxd7 11. Nxe4 dxe4 12. Bc4 Qb6 13. Bb3 a5 14. a4 c5 15.
dxc5 Qxc5 16. c3 e5 17. Bf7+ Kxf7 18. Qxd7+ Qe7 19. Qd5+ Kf8 20. Bg5 Qf7 21.
O-O-O h6 22. Qxf7+ Kxf7 23. Rd7+ Kg8 24. Be7 Rh7 25. Rhd1 f4 26. Rxb7 Re8 27.
Rdd7 Bf8 28. Bxf8 Rxd7 29. Rxd7 Rxf8 30. Kd2 g5 31. hxg5 hxg5 32. Rd5 g4 33.
exf4 Rxf4 34. Ke3 g3 35. fxg3 Rg4 36. Rxe5 Rxg3+ 37. Kf2 Rg4 38. Rxa5 Kf7 39. b4
Ke6 40. Rc5 Kd6 41. Ke3 1-0

[Event "45th Sparkassen Open"]
[Site "Dortmund GER"]
[Date "2017.07.19"]
[Round "5.12"]
[White "Ramien, David"]
[Black "Gijsen, Stief"]
[Result "1/2-1/2"]
[WhiteElo "2070"]
[BlackElo "2194"]
[WhiteFideId "12948241"]
[BlackFideId "207535"]
[EventDate "2017.07.15"]

1. e4 e5 2. Nf3 Nc6 3. Bc4 Nf6 4. d3 Be7 5. O-O O-O 6. Re1 d6 7. a4 Na5 8. Ba2
c5 9. Nc3 Nc6 10. Nd5 Nxd5 11. Bxd5 Be6 12. c3 Bf6 13. Qb3 Qe7 14. a5 Rab8 15.
Qa4 Rfc8 16. Be3 Qc7 17. d4 Bxd5 18. exd5 cxd4 19. cxd4 Nxd4 20. Nxd4 exd4 21.
Bxd4 Bxd4 22. Qxd4 Qc5 23. Qd2 Re8 1/2-1/2

[Event "45th Sparkassen Open"]
[Site "Dortmund GER"]
[Date "2017.07.19"]
[Round "5.13"]
[White "Tueckmantel, Rene"]
[Black "Finke, Dominik"]
[Result "1-0"]
[WhiteElo "2130"]
[BlackElo "1987"]
[WhiteFideId "24618012"]
[BlackFideId "16202511"]
[EventDate "2017.07.15"]

1. Nf3 Nf6 2. g3 d5 3. Bg2 e6 4. O-O c5 5. d3 Nc6 6. Nbd2 Be7 7. e4 O-O 8. Re1
b5 9. e5 Nd7 10. Nf1 Qc7 11. Bf4 Bb7 12. h4 Qb6 13. N1h2 d4 14. a3 c4 15. Bh3
Nc5 16. Ng4 cxd3 17. cxd3 b4 18. Bg5 Bxg5 19. hxg5 Ba6 20. Bf1 bxa3 21. bxa3 Qb3
22. Qc1 Qc3 23. Qf4 Nxd3 24. Bxd3 Bxd3 25. Rac1 Bc2 26. Rxc2 Qxc2 27. Rc1 Qa4
28. Nf6+ Kh8 29. Qe4 gxf6 30. gxf6 Rg8 31. Rxc6 Rac8 32. Ng5 Qd1+ 33. Kg2 Qh5
34. Rxc8 Rxc8 35. Qb7 Rf8 36. Nxe6 Re8 37. Ng7 Qxe5 38. Nxe8 Qxe8 39. Qd5 h6 40.
Qxd4 Qe6 41. Qxa7 Qd5+ 42. f3 Qa2+ 43. Kh3 Qe6+ 44. g4 Qxf6 45. Qe3 Qc6 46. Qb3
f6 47. a4 Qc1 48. Qb8+ Kg7 49. Qb7+ Kg6 50. Qe4+ Kf7 51. Qd5+ Ke7 52. a5 h5 53.
gxh5 Qh1+ 54. Kg3 Qe1+ 55. Kg4 Qg1+ 56. Kf5 Qg5+ 57. Ke4 Qh4+ 58. Kd3 Qf2 59.
Qb7+ Ke8 60. Qc6+ Ke7 61. Qb7+ Ke8 62. a6 Qf1+ 63. Kc3 Qe1+ 64. Kb3 Qb1+ 65. Ka4
Qa2+ 66. Kb4 Qb2+ 67. Ka5 Qa3+ 68. Kb6 Qe3+ 69. Kc7 Qe5+ 70. Kc8 Qd6 71. Qb5+
Ke7 72. a7 1-0

[Event "45th Sparkassen Open"]
[Site "Dortmund GER"]
[Date "2017.07.19"]
[Round "5.14"]
[White "Zill, Christoph"]
[Black "Sondermann, Dirk"]
[Result "1-0"]
[WhiteTitle "FM"]
[WhiteElo "2213"]
[BlackElo "2041"]
[WhiteFideId "4688856"]
[BlackFideId "4658116"]
[EventDate "2017.07.15"]

1. e4 e6 2. d4 d5 3. Nc3 Bb4 4. e5 c5 5. Bd2 cxd4 6. Nb5 Bxd2+ 7. Qxd2 Nc6 8. f4
Nh6 9. Nd6+ Kf8 10. Nf3 Nf5 11. Nxf5 exf5 12. O-O-O Be6 13. Nxd4 Nxd4 14. Qxd4
Qa5 15. Kb1 Rc8 16. Be2 g6 17. h4 h5 18. Rh3 Kg7 19. Ra3 Qc7 20. Rc3 Qe7 21.
Rxc8 Rxc8 22. Qxa7 Qxh4 23. Qe3 Qe7 24. c3 Ra8 25. Rd4 Qc5 26. Qd3 Qa5 27. a3
Qc5 28. Bf3 Rd8 29. Qd1 b5 30. Qb3 Kh6 31. Qb4 Qc6 32. Be2 Rb8 33. a4 1-0

[Event "45th Sparkassen Open"]
[Site "Dortmund GER"]
[Date "2017.07.19"]
[Round "5.15"]
[White "Goossens, Hanne"]
[Black "Kolakovic, Klaudio"]
[Result "1-0"]
[WhiteTitle "WFM"]
[WhiteElo "2175"]
[BlackElo "2017"]
[WhiteFideId "200468"]
[BlackFideId "24645800"]
[EventDate "2017.07.15"]

1. e4 c5 2. Nf3 Nc6 3. d4 cxd4 4. Nxd4 e5 5. Nb5 a6 6. Nd6+ Bxd6 7. Qxd6 Qe7 8.
Qd2 Nf6 9. Nc3 d6 10. Bc4 O-O 11. O-O Nd4 12. f4 Be6 13. Nd5 Bxd5 14. Bxd5 Nxd5
15. exd5 Rac8 16. c3 Nb5 17. a4 Nc7 18. c4 e4 19. f5 Ne8 20. b3 Nf6 21. Bb2 Rfe8
22. Rae1 b5 23. axb5 axb5 24. Qe2 bxc4 25. bxc4 Qa7+ 26. Kh1 Qa2 27. Rc1 Nd7 28.
Rc2 Qa7 29. f6 g6 30. Qg4 Kh8 31. Qf4 Qc7 32. Rg1 Qc5 33. Qh6 Rg8 34. Rc3 1-0

[Event "45th Sparkassen Open"]
[Site "Dortmund GER"]
[Date "2017.07.19"]
[Round "5.16"]
[White "Manthei, Michael"]
[Black "Heinert, Eugen"]
[Result "0-1"]
[WhiteElo "2004"]
[BlackElo "2168"]
[WhiteFideId "24605824"]
[BlackFideId "24621390"]
[EventDate "2017.07.15"]

1. d4 d5 2. e3 Nf6 3. Bd3 c5 4. b3 cxd4 5. exd4 Nc6 6. c3 Bg4 7. f3 Bh5 8. Ne2
Bg6 9. Be3 e6 10. Bf2 Bd6 11. Bg3 Rc8 12. Qd2 a6 13. O-O O-O 14. Bxg6 hxg6 15.
Qd3 Rc7 16. Nd2 Qd7 17. Rfc1 Rfc8 18. a3 Na5 19. c4 dxc4 20. Nxc4 Nxc4 21. bxc4
e5 22. Rab1 exd4 23. Bf2 Bc5 24. Bxd4 Bxd4+ 25. Nxd4 b5 26. Rb4 Nd5 27. Nxb5
Nxb4 0-1